الحركة الاسلامية فى السودان (رقم التسجيلة. 89167)
[ عرض عادي ]
| 000 -LEADER | |
|---|---|
| fixed length control field | 00964 am a2200265 a 4500 |
| 003 - CONTROL NUMBER IDENTIFIER | |
| control field | EG-GiCUC |
| 008 - FIXED-LENGTH DATA ELEMENTS--GENERAL INFORMATION | |
| fixed length control field | 061116s1999 sj g 000 0 ara d |
| 017 ## - COPYRIGHT OR LEGAL DEPOSIT NUMBER | |
| Copyright or legal deposit number | 99 / 10698 |
| 040 ## - CATALOGING SOURCE | |
| Original cataloging agency | EG-GiCUC |
| Language of cataloging | ara |
| Transcribing agency | EG-GiCUC |
| 043 ## - GEOGRAPHIC AREA CODE | |
| Geographic area code | f-sj--- |
| 050 #4 - LIBRARY OF CONGRESS CALL NUMBER | |
| Classification number | DT159.673. |
| Item number | M31 1999 |
| 092 04 - LOCALLY ASSIGNED DEWEY CALL NUMBER (OCLC) | |
| Classification number | 320.5509624 |
| Item number | M2358 1999 |
| Edition number | 21 |
| 099 ## - LOCAL FREE-TEXT CALL NUMBER (OCLC) | |
| Classification number | 04 |
| -- | 320.5509624 M2358 1999 |
| 100 1# - MAIN ENTRY--PERSONAL NAME | |
| Personal name | مكى : حسن |
| 245 12 - TITLE STATEMENT | |
| Title | الحركة الاسلامية فى السودان |
| Remainder of title | 1969-1985م : تاريخها وخطابها السياسى / |
| Statement of responsibility, etc. | حسن مكى |
| 250 ## - EDITION STATEMENT | |
| Edition statement | ط2 |
| 260 ## - PUBLICATION, DISTRIBUTION, ETC. | |
| Place of publication, distribution, etc. | السودان : |
| Name of publisher, distributor, etc. | الدار السودانية للكتب : |
| Date of publication, distribution, etc. | 1999 |
| 300 ## - PHYSICAL DESCRIPTION | |
| Extent | 350ص ؛ |
| Dimensions | 24سم |
| 504 ## - BIBLIOGRAPHY, ETC. NOTE | |
| Bibliography, etc. note | يشتمل على ارجاعات ببليوجرافية |
| 650 #7 - SUBJECT ADDED ENTRY--TOPICAL TERM | |
| Topical term or geographic name entry element | الاسلام والسياسة |
| Geographic subdivision | السودان |
| Source of heading or term | qrmak |
| 651 #7 - SUBJECT ADDED ENTRY--GEOGRAPHIC NAME | |
| Geographic name | السودان |
| General subdivision | السياسة و الحكومة |
| Chronological subdivision | 1956-1985 |
| Source of heading or term | qrmak |
| 902 ## - LOCAL DATA ELEMENT B, LDB (RLIN) | |
| No. of Items | 3 |
| 905 ## - LOCAL DATA ELEMENT E, LDE (RLIN) | |
| Cataloger | امل |
| Reviser | مدخل |
| 942 ## - ADDED ENTRY ELEMENTS (KOHA) | |
| Source of classification or shelving scheme | Dewey Decimal Classification |
| Koha item type | Books |
| Source of classification or shelving scheme | Not for loan | Home library | Current library | Date acquired | Full call number | Barcode | Date last seen | Koha item type | Copy number |
|---|---|---|---|---|---|---|---|---|---|
| Dewey Decimal Classification | المكتبة المركزبة الجديدة - جامعة القاهرة | قاعة الكتب - الدور الثاني | 11.02.2024 | 320.5509624 M2358 1999 | 01000100106711000 | 22.09.2023 | Books | C.1 | |
| Dewey Decimal Classification | المكتبة المركزبة الجديدة - جامعة القاهرة | قاعة الكتب - الدور الثاني | 11.02.2024 | 320.5509624 M2358 1999 | 01000100106712000 | 22.09.2023 | Books | C.2 | |
| Dewey Decimal Classification | المكتبة المركزبة الجديدة - جامعة القاهرة | مخزن الكتب - البدروم | 11.02.2024 | 320.5509624 M2358 1999 c.3 Store | 01000100106710000 | 22.09.2023 | Books |